000 00477nam a2200181Ia 4500
005 20250603145942.0
008 250603s9999 xx 000 0 und d
020 _a9789780323165
050 _aPN 4729 .R33/
100 _aRabiu, Muhammad S.
245 4 _aThe world of news: career prospects in journalism and mass communication
260 _aIbadan
260 _bStirling-Horden Publishers Ltd.
260 _c2013
300 _a499 p
650 _aIbadan
942 _cBK
999 _c43339
_d43339